书目信息 |
| 题名: |
数据结构
|
|
| 作者: | 段隆振 , 胡学钢 主编 | |
| 分册: | ||
| 出版信息: | 武汉 武汉理工大学出版社 2003.09 |
|
| 页数: | 293页 | |
| 开本: | 23cm | |
| 丛书名: | 普通高等学校计算机科学与技术专业(本科)新编系列教材 | |
| 单 册: | ||
| 中图分类: | TP311.12 | |
| 科图分类: | ||
| 主题词: | 数据结构--高等学校--教材 | |
| 电子资源: | ||
| ISBN: | 7-5629-1960-7 | |
| 000 | 00876nam2 2200265 45 | |
| 001 | 012004000000 | |
| 005 | 20080308145754.87 | |
| 010 | @a7-5629-1960-7@dCNY 26.00 | |
| 100 | @a20041122e2003 em y0chiy0121 ea | |
| 101 | 0 | @achi |
| 102 | @aCN@b420000 | |
| 105 | @aak z 000yy | |
| 200 | 1 | @a数据结构@Ashu ju jie gou@dData structure@f段隆振, 胡学钢主编@zeng |
| 210 | @a武汉@c武汉理工大学出版社@d2003.09@h2004.5重印 | |
| 215 | @a293页@c图, 表格@d23cm | |
| 225 | 2 | @a普通高等学校计算机科学与技术专业(本科)新编系列教材 |
| 320 | @a本书末附参考文献 | |
| 410 | 0 | @12001 @a普通高等学校计算机科学与技术专业(本科)新编系列教材 |
| 510 | 1 | @aData structure@zeng |
| 606 | 0 | @a数据结构@x高等学校@j教材 |
| 690 | @aTP311.12@v4 | |
| 701 | 0 | @a段隆振@Aduan long zhen@4主编 |
| 701 | 0 | @a胡学钢@Ahu xue gang@4主编 |
| 801 | 0 | @aCN@bQSSKcyc@c20080308 |
| 905 | @a10447@dTP311.12@eD925 | |
| 数据结构=Data structure/段隆振, 胡学钢主编.-武汉:武汉理工大学出版社,2003.09(2004.5重印) |
| 293页:图, 表格;23cm.-(普通高等学校计算机科学与技术专业(本科)新编系列教材) |
| ISBN 7-5629-1960-7:CNY 26.00 |
| ● |
| 相关链接 |
|
|
|
正题名:数据结构
索取号:TP311.12/D925
 
预约/预借
| 序号 | 登录号 | 条形码 | 馆藏地/架位号 | 状态 | 备注 |
| 1 | 438237 | 204382373 | 自科库301/301自科库 44排6列3层/ [索取号:TP311.12/D925] | 在馆 | |
| 2 | 438238 | 204382382 | 自科库301/301自科库 47排7列1层/ [索取号:TP311.12/D925] | 在馆 | |
| 3 | 438239 | 204382391 | 自科库301/301自科库 47排7列1层/ [索取号:TP311.12/D925] | 在馆 | |
| 4 | 479196 | 204791966 | 期刊室512/ [索取号:TP311.12/D925] | 在馆 |